Guess the FNAF Character #1 - Statistics

General Stats
  • This quiz has been taken 71 times
  • The average score is 8 of 12
Answer Stats
Hint Answer % Correct
Adds an animatronic to your night Dee Dee
98%
FNAF 3's Main antagonist Springtrap
81%
Gregory's helper in SB Glamrock Freddy
79%
The daughter of Henry Emily Charlie Emily
75%
Baby after getting kicked out of Ennard Scrapbaby
70%
Possessor of Chica Susie
70%
Former member of the Pizzaplex gang Glamrock Bonnie
67%
Appears in the logo for FNAF 2 Withered Freddy
63%
Mysterious fisher in UCN Old Man Consequences
60%
Magician of the Mediocre Melodies Orville Elephant
59%
Victim of the Bite of '87 Jeremy Fitzgerald
54%
FNAF 2 Custom Night Guard Fritz Smith
40%
No matching quizzes found
Score Distribution
Percent of People with Each Score
Percentile by Number Answered
Your Score History
You have not taken this quiz